<?xml version="1.0" encoding="UTF-8"?>
<marc:record xmlns:marc="http://www.loc.gov/MARC21/slim">
   <marc:leader>00000nam a2200000 a 4500</marc:leader>
   <marc:datafield ind1="1" ind2=" " tag="100">
      <marc:subfield code="a">Scheweling, Nina</marc:subfield>
      <marc:subfield code="4">aut</marc:subfield>
      <marc:subfield code="e">Verfasser/-in</marc:subfield>
   </marc:datafield>
   <marc:datafield ind1=" " ind2=" " tag="653">
      <marc:subfield code="a">Kinderbuch</marc:subfield>
   </marc:datafield>
   <marc:datafield ind1=" " ind2=" " tag="653">
      <marc:subfield code="a">Kinderbücher bis 11-Jahre</marc:subfield>
   </marc:datafield>
   <marc:datafield ind1=" " ind2=" " tag="653">
      <marc:subfield code="a">Schatzsuche</marc:subfield>
   </marc:datafield>
   <marc:datafield ind1=" " ind2=" " tag="653">
      <marc:subfield code="a">Antolin Klasse-6</marc:subfield>
   </marc:datafield>
   <marc:datafield ind1="0" ind2="0" tag="245">
      <marc:subfield code="a">Das Geheimnis von Darkmoor Hall</marc:subfield>
   </marc:datafield>
   <marc:datafield ind1=" " ind2="1" tag="264">
      <marc:subfield code="b">Rotfuchs</marc:subfield>
      <marc:subfield code="c">2023</marc:subfield>
   </marc:datafield>
   <marc:datafield ind1="1" ind2=" " tag="490">
      <marc:subfield code="a">Das Geheimnis von Darkmoor Hall</marc:subfield>
   </marc:datafield>
   <marc:datafield ind1="1" ind2=" " tag="520">
      <marc:subfield code="a">Ein verschollen geglaubter Schatz, ein dunkles Familiengeheimnis und die undurchsichtige Vergangenheit eines ganzen Dorfes: Drei Freunde geraten in das Abenteuer ihres Lebens, das nicht nur knifflige Rätsel, sondern auch ungeahnte Gefahren bereithält …

Düster und abweisend thront das alte Herrenhaus Darkmoor Hall auf der Klippe über dem südenglischen Meer. Kate ist neu im Dorf und ahnt nicht, dass das Geheimnis des Hauses sie bald in das allergrößte Abenteuer ihres Lebens katapultieren wird – denn ihr neuer Freund Gus hat von seinem Urgroßvater nicht nur einen antiken Kompass geerbt, sondern dazu auch ein seltsames Rätsel, das in den letzten hundert Jahren niemand zu lösen vermochte. Ob es Kate und ihren Freunden Gus und Billy gelingen wird, die rachevollen Gedichte des alten Augustus zu entschlüsseln und den vermeintlichen Schatz zu heben?</marc:subfield>
   </marc:datafield>
   <marc:datafield ind1=" " ind2=" " tag="020">
      <marc:subfield code="a">9783499011900</marc:subfield>
      <marc:subfield code="9">9783499011900</marc:subfield>
   </marc:datafield>
</marc:record>
